Statistics for Biggest cities by country #2

Click here to take the quiz!

General Stats

  • This quiz has been taken 186 times
  • The average score is 30 of 40

Answer Stats

% Correct
MEXICOMexico City
99%
RUSSIAMoscow
99%
SPAINBarcelona
99%
SPAINMadrid
99%
ITALYRome
99%
AUSTRALIASydney
98%
AUSTRALIAMelbourne
97%
ITALYMilan
96%
RUSSIASaint Petersburg
96%
INDIAMumbai
95%
INDIADelhi
94%
SOUTH AFRICACape Town
94%
ITALYNaples
93%
COLOMBIABogota
92%
AUSTRALIAPerth
91%
ITALYTurin
89%
SOUTH AFRICAJohannesburg
89%
SOUTH AFRICAPretoria
85%
SPAINValencia
85%
SPAINSevilla
84%
INDIAKolkata
83%
MEXICOGuadalajara
81%
AUSTRALIABrisbane
79%
AUSTRALIAAdelaide
78%
COLOMBIAMedellin
73%
ITALYPalermo
72%
SOUTH AFRICADurban
69%
INDIAChennai
67%
INDIABangalore
67%
COLOMBIACali
65%
RUSSIAYekaterinburg
51%
SOUTH AFRICAPort Elizabeth
50%
RUSSIANizhny Novgorod
46%
RUSSIANovosibirsk
43%
SPAINZaragoza
41%
COLOMBIACartagena
36%
MEXICOPuebla
36%
COLOMBIABarranquilla
35%
MEXICOJuarez
25%
MEXICOEcatepec
13%

Score Distribution

Percentile by Number Answered

Percent of People with Each Score

Your Score History

You have not taken this quiz